000 00608nam a22001937a 4500
003 OSt
005 20240628060049.0
008 240628b |||||||| |||| 00| 0 eng d
020 _a9789710742332
040 _aDWC- Main Lib
_cOC
082 _aFil. 170 O15e 2018
100 _aOcampo, Ma. Luisa D.
245 _aEthics primer:
_ba young person’s guide to moral reasoning. /
_cMa. Luisa D. Ocampo.
260 _aPhilippines:
_bVibal Group Inc.,
_cc2018.
300 _ax, 206 pages :
_billustration;
_c27cm.
504 _aIncludes bibliography and index.
650 _a1. Ethics
942 _2ddc
_cBK - FIL
_n1
999 _c1587
_d1587